| 000 | 00576nam a2200205Ia 4500 | ||
|---|---|---|---|
| 003 | IN-BaIIA | ||
| 008 | 211028s9999 xx 000 0 eng d | ||
| 020 | _a0-471-98797-2 | ||
| 040 | _cIIA Library | ||
| 080 |
_a524.3 _bPHI |
||
| 100 |
_aPhillips, A. C. _919173 |
||
| 245 | 4 |
_aThe physics of stars _cA.C. Phillips |
|
| 250 | _a2nd ed. | ||
| 260 |
_aChichester _bJohn Wiley & Sons _c1999 |
||
| 300 | _axii, 246p. | ||
| 490 | _aThe Manchester Physics Series | ||
| 650 |
_aAstrophysics _9794 |
||
| 650 | _aStars | ||
| 942 | _cBK | ||
| 999 |
_c15281 _d15281 |
||